00870nam a22002177a 4500999001900000005001700019010001500036020002700051035001400078037001300092082001200105245013400117260004300251270010000294300002700394500001900421700002300440700002300463942002600486952014000512 c164449d16444920190520154048.0 aENG-125240 a9789381496497c2495.00 aEN-108772 bDBAD/PUB a615.704 aIADVL'S textbook on cutaneous adverse drug reactions :ced. by Lalit Kumar Gupta [and] Abhay Mani Martinba comprehensive guide / aMumbaibBhalani Publishing Housec2018 a11, Mavawala Building, opp. Seth G.S. Medical College & K.E.M. HospitalbParel, Mumbaie400012 axxviii,545p.c28cm(Hb) aIncludes index aGupta, Lalit Kumar aMartin, Abhay Mani 2ddccENh615.704mCUT 001040718NFICaDBADbDBADd2019-05-20eDBAD/PUBg2495.00l0o615.704 CUTpEN-108772r2019-05-20 00:00:00t1v2495.00w2019-05-20yEN